| Tag |
First Indicator |
Second Indicator |
Subfields |
| LEADER |
00000cam a2200000Ia 4500 |
| 001 |
in00002012204 |
| 005 |
20151031153909.0 |
| 008 |
040909s2004 gw ae b 001 0 eng d |
| 020 |
|
|
|a 3791330446
|
| 035 |
|
|
|a (OCoLC)ocm56471845
|
| 040 |
|
|
|a TEF
|c TEF
|d TXA
|d UtOrBLW
|
| 049 |
|
|
|a TXAM
|
| 050 |
|
4 |
|a NA1088.M65
|b C374 2004
|
| 082 |
0 |
4 |
|a 720/.92
|2 21
|
| 245 |
0 |
0 |
|a CASE--Hilberseimer/Mies van der Rohe, Lafayette Park Detroit /
|c edited by Charles Waldheim.
|
| 246 |
3 |
0 |
|a Hilberseimer/Mies van der Rohe, Lafayette Park Detroit
|
| 246 |
3 |
0 |
|a Lafayette Park Detroit
|
| 264 |
|
1 |
|a Munich ;
|a New York :
|b Prestel ;
|a [Cambridge, Mass.] :
|b Harvard University Graduate School of Design,
|c [2004]
|
| 264 |
|
4 |
|c ©2004
|
| 300 |
|
|
|a 144 pages :
|b illustrations (some color), plans (some color) ;
|c 25 cm.
|
| 336 |
|
|
|a text
|b txt
|2 rdacontent
|
| 337 |
|
|
|a unmediated
|b n
|2 rdamedia
|
| 338 |
|
|
|a volume
|b nc
|2 rdacarrier
|
| 490 |
1 |
|
|a CASE series
|
| 504 |
|
|
|a Includes bibliographical references and index.
|
| 650 |
|
0 |
|a Planned communities
|z Michigan
|z Detroit.
|
| 650 |
|
0 |
|a Apartments
|z Michigan
|z Detroit.
|
| 600 |
1 |
0 |
|a Mies van der Rohe, Ludwig,
|d 1886-1969.
|
| 600 |
1 |
0 |
|a Hilberseimer, Ludwig.
|
| 700 |
1 |
|
|a Waldheim, Charles.
|
| 830 |
|
0 |
|a CASE series (Prestel Verlag)
|
| 948 |
|
|
|a cataloged
|b h
|c 2004/12/17
|d c
|e eneff
|f 10:51:19 am
|
| 994 |
|
|
|a E0
|b TXA
|
| 999 |
|
|
|a MARS
|
| 999 |
f |
f |
|s 3a2625cb-5f39-3f33-9e12-5ae773b6cee3
|i b1bae871-25f2-3ee3-960a-d4478bbe3c54
|t 0
|
| 952 |
f |
f |
|p normal
|a Texas A&M University
|b College Station
|c Sterling C. Evans Library
|d Evans: Library Stacks
|t 0
|e NA1088.M65 C374 2004
|h Library of Congress classification
|i unmediated -- volume
|m A14831170225
|
| 998 |
f |
f |
|a NA1088.M65 C374 2004
|t 0
|l Evans: Library Stacks
|